| 000 | 01029nam a2200217Ia 4500 | ||
|---|---|---|---|
| 001 | 3377 | ||
| 003 | GE_BSU | ||
| 008 | 181216s||||||||xx |||||||||||||| ||und|| | ||
| 040 | _cGE_BSU | ||
| 080 | _a620.17(075.8) | ||
| 100 | _aლოსაბერიძე, ა. ჩიხაძე, ლ. | ||
| 245 | _aსაანგარიშო–საპროექტო სამუშაოები მასალათა გამძლეობაში სამშენებლო სპეციალობებისათვის | ||
| 245 | _bდამხმ. სახელმძღ. | ||
| 245 | _cე. გიორგაძე | ||
| 260 | _aთბილისი | ||
| 260 | _bსპი | ||
| 260 | _c1985 | ||
| 300 | _a100 გვ. 20 სმ. | ||
| 653 | _aსაანგარიშო–საპროექტო სამუშაოები მასალათა გამძლეობაში სამშენებლო სპეციალობებისათვის | ||
| 942 | _cBK | ||
| 999 |
_c37418 _d37418 |
||